| 000 | 02566nam a2200289Ia 4500 | ||
|---|---|---|---|
| 003 | OSt | ||
| 005 | 20210908111635.0 | ||
| 008 | 210310s2002 ck gr 000 0 spa d | ||
| 020 | _a95838006864 | ||
| 040 |
_aCO-JMCR _cCO-JMCR |
||
| 041 | 0 | _aspa | |
| 082 | 0 | 4 |
_a338.109861 / _bJ371c _223 |
| 100 | 1 |
_aJaramillo, Carlos Felipe, _eautor _928106 |
|
| 245 | 1 | 0 |
_aCrisis y transformación de la agricultura Colombia: _b1990-2000 / _cCarlos Felipe Jaramillo ; traducción, Francisco Ruiz, Bernardo Recamán |
| 260 |
_aBogotá : _bBanco de la República, _c2002 |
||
| 300 |
_a233 páginas ; _bilustraciones y gráficas en blanco y negro ; _c23 cm. |
||
| 500 | _aIncluye datos biográficos del autor e índices. | ||
| 504 | _aBibliografía : páginas 215-223. | ||
| 505 | 0 | _aEstrategias de desarrollo en América Latina. -- La agricultura colombiana y su desarrollo: 1950-1990. -- La apertura en el campo. -- 1992: la crisis agropecuaria. -- La agricultura después de la crisis: 1993-1997. -- La agricultura colombiana en la década del 90. -- Hacia un nuevo milenio: 1998-2000. | |
| 520 | 0 | _aEste libro presenta un análisis de las reformas en la política agropecuaria colombiana introducidas desde principios de la década de los 90. Los cambios relacionados con la apertura económica produjeron fuertes transformaciones en el agro, sector que al iniciar la década contribuía con una quinta parte del empleo y el producto nacional y generaba un tercio de las divisas del país. Este estudio describe y analiza los desarrollos más importantes del sector agropecuario colombiano a partir de 1990. Se hace especial énfasis sobre el papel crucial que han jugado los factores macroeconómicos en su desempeño y, particularmente, la evolución de la tasa real de cambio. Dentro de los interrogantes que motivan el análisis están: ¿Cuál fue la naturaleza de las reformas económicas en la agricultura? ¿Fueron las reformas las responsables de la crisis agropecuaria de 1992? ¿Cómo reaccionó el gobierno frente a la caída en los ingresos agropecuarios? ¿Qué efectos tuvieron las medidas adoptadas después de la crisis? ¿Cuál fue la naturaleza de los cambios estructurales en el sector agropecuario colombiano después de 1990? ¿Por qué ocurrieron estos cambios? | |
| 650 | 1 | 4 |
_aAgricultura _xHistoria _zColombia _928108 |
| 650 | 2 | 4 |
_aDesarrollo rural _zColombia _99612 |
| 650 | 2 | 4 |
_aPolítica agraria _zColombia _940151 |
| 700 | 1 |
_aFrancisco Ruiz, _etraductor _940152 |
|
| 700 | 1 |
_aRecamán, Bernardo, _etraductor _940153 |
|
| 942 |
_2ddc _cBK |
||
| 999 |
_c12393 _d12393 |
||